| 000 | 00371nam a2200157Ia 4500 | ||
|---|---|---|---|
| 003 | OSt | ||
| 005 | 20231121045005.0 | ||
| 008 | 170524s9999 xx 000 0 und d | ||
| 020 | _a81-7446-481-6 | ||
| 040 | _cIIMT UNIVERSITY | ||
| 100 | _aBharihoke - D. | ||
| 100 | _c2009 | ||
| 245 | 0 | _aFUNDAMENTAL OF INFORMATION TECHNOLOGY | |
| 260 | _aExcel Books | ||
| 942 |
_2ddc _c02 |
||
| 999 |
_c2414 _d2414 |
||